LEADER 01486nam2 2200373 450 001 990003548070203316 005 20110707125547.0 010 $a978-3-11-023197-7 035 $a000354807 035 $aUSA01000354807 035 $a(ALEPH)000354807USA01 035 $a000354807 100 $a20110707d2010----km-y0itay50------ba 101 $amul 102 $aDE 105 $a||||||||001yy 200 1 $a<<3:>> Section 7: Sémantique paradigmatique, syntagmatique et cognitive; phraséologie/collocations$eSection 8: Onomastique (toponymie et anthroponymie)$eSection 9: Constitution de la norme dans les langues romanes$fCongres International de Linguistique et de Philologie Romanes$gediteurs: Maria Iliescu, Heidi Siller-Runggaldier, Paul Danler 210 $aBerlin$cDe Gruyter$d2010 215 $aXIII, 800 p.$cill.$d25 cm 461 1$1001000354790$12001 606 0 $aFilologia romanza$xAtti di Congressi$2BNCF 676 $a440.9 702 1$aILIESCU,$bMaria 702 1$aSILLER-RUNGGALDIER,$bHeidi 702 1$aDANLER,$bPaul 710 12$aCongrés International de Linguistique et de Philologie Romanes 25. <2007 ; Innsbruck>$0513031 801 0$aIT$bsalbc$gISBD 912 $a990003548070203316 951 $aVI.1.B. 280 3$b5723 L.G.$cVI.1.B.$d00297878 959 $aBK 969 $aUMA 979 $aMARTUCCIEL$b90$c20110707$lUSA01$h1255 996 $aSection 7: Sémantique paradigmatique, syntagmatique et cognitive; phraséologie$91116788 997 $aUNISA LEADER 03416cam a2200361 4500 001 991003261569707536 005 20250430130201.0 008 940929m17771819enkac b 000 0 eng d 035 $ab14305148-39ule_inst 035 $aCICOGNARA-2014-0184$9ExL 040 $aBibl. Interfacoltà T. Pellegrino$bita 100 1 $aLorrain, Claude$d<1600-1682>$0216869 245 10$aLiber veritatis, or, A collection of two hundred prints after the original designs of Claude le Lorrain in the collection of the Duke of Devonshire, /$cexecuted by Richard Earlom in the manner and taste of the drawings ; to which is added a descriptive catalogue of each print, together with the names of those for whom, and of the places for which the original pictures were first painted, (taken from the hand-writing of Claude le Lorrain himself on the back of each drawing) and of the present possessors of many of the original pictures. 246 30$aCollection of two hundred prints after the original designs of Claude le Lorrain in the collection of the Duke of Devonshire 260 $aIn Cheapside, London :$bPublished by the proprietor, John Boydell, engraver,$c[1777]-1819. 300 $a3 v. :$b502 ill., ritr.; $c40 cm. 500 $a"These drawings were called the Liber veritatis, and were made for the purpose of identifying the real works of Claude from others said to be from his hand. These engravings are executed in imitation of the original drawings, and printed in a warm bistre colour ... They were at first produced only in outline ... The demand was so extensive that Boydell caused Earlom to retouch and refresh the plates five or six times ..." -- Dict. nat. biog., under Earlom. The original drawings passed from Devonshire to the British Museum in 1957. 500 $aTitolo del v. 3: Liber veritatis, or, A collection of prints after the original designs of Claude le Lorrain in the collection of His Grace the Duke of Devonshire, Earl Spencer, Richard Payne Knight, Benjamin West, P.R.A., Charles Lambert, Edward Turnor, George Gosling, and Joseph Farrington, esqrs., executed by Richard Earlom ... 500 $aNote tipografiche del v. 3.: London : Published by Hurst, Robinson, and Co., Successors to messrs. Boydell : Printed by Thomas Davison, Whitefriars, 1819. 500 $aRestaurato nel 2012 grazie alla "Samuel H. Kress Foundation".$5BAV$3Cicognara.IX.3384(1-2) 500 $aRiproduzione in microfiche dell'originale conservato presso la Biblioteca Apostolica Vaticana 510 3 $aKitson, M. Claude Lorrain : Liber veritatis 510 4 $aBrunet$cIII, col. 1169 700 1 $aBoydell, John$d<1719-1804> 700 1 $aEarlom, Richard$d<1743-1822>$eauthor$4http://id.loc.gov/vocabulary/relators/aut$0739684 787 18$iLeopoldo Cicognara Program :$tBiblioteca Cicognara$h[microform] : literary sources in the history of art and kindred subjects 787 18$tCatalogo ragionato dei libri d'arte e d'antichità / Leopoldo Cicognara 907 $a.b14305148$b01-04-22$c28-07-16 912 $a991003261569707536 945 $aLE002 SB Raccolta Cicognara, mcrf 3384(2-3)$g0$lle002$pE0.00$rn$so $t11$u0$v0$w0$x0$y.i15776694$z28-07-16 996 $aLiber veritatis, or, A collection of two hundred prints after the original designs of Claude le Lorrain in the collection of the Duke of Devonshire$91465338 997 $aUNISALENTO 998 $ale002$b28-07-16$cm$dg $e-$feng$genk$h0$i1